[Event "IECC KO email"]
[Site "IECC email"]
[Date "2002.11.07"]
[Round "?"]
[White "Lally, Anthony"]
[Black "Bladyko, Pawel"]
[Result "0-1"]
[WhiteElo "1042"]
[BlackElo "1542"]
[PlyCount "46"]
[EventDate "2002.??.??"]
[EventType "tourn (corr)"]
[EventRounds "6"]
[SourceTitle "Corr 2008"]
[Source "ChessBase"]
[SourceDate "2008.06.24"]
[SourceVersion "1"]
[SourceVersionDate "2008.06.24"]
[SourceQuality "1"]

1. c4 e5 2. Nc3 Nc6 3. g3 Nf6 4. Nf3 d5 5. cxd5 Nxd5 6. e4 Ndb4 7. a3 Nd3+ 8. Bxd3 Qxd3 9. Qe2 Qxe2+ 10. Nxe2 Bg4 11. Nh4 g5 12. Ng2 Bf3 13. Rg1 Bxe4 14. Nc3 Nd4 15. Ne3 Nf3+ 16. Kf1 Bd3+ 17. Kg2 Nxg1 18. Kxg1 0-0-0 19. b4 f5 20. Bb2 c6 21. Rc1 Bg7 22. b5 f4 23. Ng4 h5 0-1